Word Ladder: From Big to Small - Statistics

General Stats
  • This quiz has been taken 146 times
  • The average score is 19 of 21
Answer Stats
Hint Answer % Correct
Of considerable size Big
99%
Farm animal Pig
98%
An insect is an example Bug
97%
A male child of a mother and father Son
97%
The star that the Earth orbits Sun
97%
One of the two breads of a burger Bun
96%
A type of dog Pug
96%
Place with lots of stores Mall
95%
Belonging to me Mine
95%
Eight plus one Nine
95%
Antonym for big Small
95%
Antonym of female Male
94%
What a male lion has Mane
94%
A tune Song
94%
Word commonly used in trigonometry Sin
93%
Prolonged Long
92%
Antonym of all None
92%
By oneself Alone
91%
Next to Along
81%
Only Lone
80%
To use Hone
54%
No matching quizzes found
Score Distribution
Percent of People with Each Score
Percentile by Number Answered
Your Score History
You have not taken this quiz